Statistics for Words on the top row of a keyboard

Click here to take the quiz!

General Stats

  • This quiz has been taken 757 times
    (735 since last reset)
  • The average score is 6 of 9

Answer Stats

LengthAnswer% Correct
2It, we, or, etc.
99%
3Eye, out, put, etc.
97%
4Peer, poet, yurt, etc.
97%
5Eerie, outer, wrote, etc.
92%
6Equity, outwit, etc.
85%
7Pottery, Require, etc.
61%
8Property, Tripwire, etc.
41%
9Etiquette, Prototype, etc.
23%
10Typewriter, repertoire, etc.
20%

Score Distribution

Percentile by Number Answered

Percent of People with Each Score

Your Score History

You have not taken this quiz since the last reset